<?xml version="1.0" encoding="UTF-8"?>
<record
    xmlns:xsi="http://www.w3.org/2001/XMLSchema-instance"
    xsi:schemaLocation="http://www.loc.gov/MARC21/slim http://www.loc.gov/standards/marcxml/schema/MARC21slim.xsd"
    xmlns="http://www.loc.gov/MARC21/slim">

  <leader>00637nam a22001817a 4500</leader>
  <controlfield tag="008">250619t        |||d|||| |||| 00| 0 spa d</controlfield>
  <datafield tag="020" ind1=" " ind2=" ">
    <subfield code="a">9786280109756</subfield>
  </datafield>
  <datafield tag="040" ind1=" " ind2=" ">
    <subfield code="a">CO-JMCR</subfield>
    <subfield code="c">CO-JMCR</subfield>
    <subfield code="d">CO-JMCR</subfield>
    <subfield code="b">spa</subfield>
    <subfield code="e">rda</subfield>
  </datafield>
  <datafield tag="041" ind1="0" ind2=" ">
    <subfield code="a">spa</subfield>
  </datafield>
  <datafield tag="082" ind1="0" ind2="4">
    <subfield code="2">23</subfield>
    <subfield code="a">382.4</subfield>
    <subfield code="b"> L33c</subfield>
  </datafield>
  <datafield tag="100" ind1="1" ind2=" ">
    <subfield code="a">La Rorta, Rodolfo,</subfield>
    <subfield code="9">44175</subfield>
  </datafield>
  <datafield tag="245" ind1="1" ind2="0">
    <subfield code="a">Colombia floreciendo :</subfield>
    <subfield code="b">50 a&#xF1;os de floricultura colombiana 1972-2023 /</subfield>
    <subfield code="c">Rodolfo La Rota, </subfield>
  </datafield>
  <datafield tag="260" ind1=" " ind2=" ">
    <subfield code="a">Bogot&#xE1;:</subfield>
    <subfield code="b">Panamericana formas e impresos S.A., </subfield>
    <subfield code="c">2023.</subfield>
  </datafield>
  <datafield tag="264" ind1=" " ind2=" ">
    <subfield code="b">Propagar plantas S.A.S.</subfield>
    <subfield code="c">&#xA9;2023.</subfield>
  </datafield>
  <datafield tag="300" ind1=" " ind2=" ">
    <subfield code="a">243 p&#xE1;ginas :</subfield>
    <subfield code="b">gr&#xE1;ficas ;</subfield>
    <subfield code="c">24 cm.</subfield>
  </datafield>
  <datafield tag="700" ind1="1" ind2=" ">
    <subfield code="a">La Rota Rodolfo </subfield>
    <subfield code="9">179780</subfield>
  </datafield>
  <datafield tag="999" ind1=" " ind2=" ">
    <subfield code="c">31011</subfield>
    <subfield code="d">17395</subfield>
  </datafield>
  <datafield tag="952" ind1=" " ind2=" ">
    <subfield code="0">0</subfield>
    <subfield code="1">0</subfield>
    <subfield code="2">ddc</subfield>
    <subfield code="4">0</subfield>
    <subfield code="7">0</subfield>
    <subfield code="8">NFIC</subfield>
    <subfield code="a">CPL</subfield>
    <subfield code="b">CPL</subfield>
    <subfield code="c">CART</subfield>
    <subfield code="d">2024-11-25</subfield>
    <subfield code="e">Donaci&#xF3;n</subfield>
    <subfield code="l">0</subfield>
    <subfield code="o">382.4  L33c</subfield>
    <subfield code="p">201812698</subfield>
    <subfield code="r">2025-06-19 09:32:53</subfield>
    <subfield code="t">Ej.1</subfield>
    <subfield code="w">2025-06-19</subfield>
    <subfield code="y">BK</subfield>
  </datafield>
</record>
